000
00297nam a22001457a 4500
008
230522b ||||| |||| 00| 0 eng d
020
_a
9782889080960
041
_a
eng
080
_a
82
082
_a
82NAN
100
_a
38
101
_a
GJL
245
_a
MISTRAL
_c
NANETTI.A
942
_2
udc
_c
BK
999
_c
59784
_d
59784